El tercero perjudicado en el juicio de amparo en materia administrativa /
Spremljeno u:
| Glavni autor: | |
|---|---|
| Autor kompanije: | |
| Format: | Knjiga |
| Jezik: | Spanish |
| Izdano: |
Azcapotzalco, Distrito Federal, México
Universidad Autónoma Metropolitana
1986
|
| Teme: | |
| Oznake: |
Dodaj oznaku
Bez oznaka, Budi prvi tko označuje ovaj zapis!
|
MARC
| LEADER | 00000nam a2200000 4500 | ||
|---|---|---|---|
| 003 | cru CIDCACS/IIS | ||
| 005 | 20210311062544.0 | ||
| 008 | 190122b1986 MX ||||| |||| 00| 0 spa d | ||
| 999 | |c 42097 |d 42097 | ||
| 040 | |c cru CIDCACS/IIS | ||
| 090 | |a REV0001 7(19) 1986 | ||
| 100 | |9 8268 |a Torres Maldonado, Eduardo José | ||
| 110 | |9 8187 |a Universidad Autónoma Metropolitana, UAM | ||
| 245 | |a El tercero perjudicado en el juicio de amparo en materia administrativa / |c Eduardo José Torres Maldonado | ||
| 260 | |a Azcapotzalco, Distrito Federal, México |b Universidad Autónoma Metropolitana |c 1986 | ||
| 300 | |a Páginas 173-190 | ||
| 650 | 0 | |9 3064 |a DERECHO PUBLICO | |
| 650 | 0 | |9 8263 |a DERECHO PROCESAL | |
| 650 | 0 | |a CONSTITUCION POLITICA |9 5239 | |
| 651 | 0 | |9 3410 |a MEXICO | |
| 653 | |a AMPARO | ||
| 653 | |a PROCEDIMIENTO CIVIL | ||
| 773 | 0 | |0 18805 |9 2596 |d Azcapotzalco UAM |o 02228 |t AZCAPOTZALCO | |
| 942 | |2 ddc |c PP | ||
